| 000 | 01792cam a22005054i 4500 | ||
|---|---|---|---|
| 003 | PE-LiUPU | ||
| 005 | 20250731165626.0 | ||
| 008 | 150616s r 000 0 d | ||
| 020 | _a8420652164 | ||
| 035 | _a(Sirsi) i9788420652160 | ||
| 040 |
_aPE-LiUPU _bspa _cPE-LiUPU _erda |
||
| 049 | _aPRUA | ||
| 082 | 0 | 4 |
_a903e _bL23 _221 |
| 100 | 1 |
_aLanger, William L., _eautor. |
|
| 245 | 1 | 0 |
_aEnciclopedia de Historia Universal. _n2 / _cWilliam Langer. |
| 264 | 1 |
_aMadrid : _bAlianza Editorial, S. A., _c1980. |
|
| 300 |
_a2247 páginas ; _c23 centímetros |
||
| 336 |
_atext _2rdacontent |
||
| 337 |
_aunmediated _2rdamedia |
||
| 338 |
_avolume _2rdacarrier |
||
| 490 | 0 | _aAlianza - Diccionarios | |
| 505 | 0 | _aEuropa.- América del Norte.- América Latina.- Africa.- El Mundo Arabe y el Medio Oriente.- Asia.- Oceanía.- El Período Actual. | |
| 526 | _aSEG44 | ||
| 526 | _aSEG26 | ||
| 526 | _aP151 | ||
| 526 | _aP150 | ||
| 526 | _aP149 | ||
| 526 | _aP146 | ||
| 526 | _aP145 | ||
| 526 | _aP126 | ||
| 526 | _aP125 | ||
| 526 | _aP92 | ||
| 526 | _aP75 | ||
| 526 | _aP74 | ||
| 526 | _aP27 | ||
| 526 | _aP15 | ||
| 650 | 0 | 4 |
_aHistoria universal _vEnciclopedias. |
| 910 |
_ajck _bjvq _cjck |
||
| 942 |
_2ddc _cBOOK |
||
| 949 |
_aRC 903E L23 2 _wDEWEY _c1 _i39617 _lCCODEBUL1 _mBUL _r0 _sY _tBOOK _u2015-6-16 _xTEOLOGIA _zUNKNOWN _0COMPRA _o.CIRCNOTE. No olvidar cambiar la fecha de devolución!!!!!!! _o.STAFF. Colección General |
||
| 994 |
_aC0 _bPEPRU |
||
| 596 | _a1 | ||
| 999 |
_aRC 903E L23 2 _wDEWEY _c57317 _i39617 _f2021-11-8 _g5 _lRCG _mBUL _r1 _sY _tBOOK _u2015-6-16 _xBIBLIOTECA _zUNKNOWN _0COMPRA _o.CIRCNOTE. No olvidar cambiar la fecha de devolución!!!!!!! _o.STAFF. Colección General _d57317 |
||
| 980 |
_81 _gALBERTO SANCHEZ Responsable de Automatización |
||